000 00450nam a2200169Ia 4500
005 20240729013815.0
008 240331s9999 xx 000 0 und d
020 _a9559102583
082 _bUYA
_a172.954
100 _aUyangoda,J
245 0 _aConflict, Nagotiation, Mediation and Peace
_cjayadeva uyangoda
260 _a Colombo
_bSocial Scientists Association
_c2006
300 _a45 p .,
650 _aSocial
650 _apolitics
942 _cL
999 _c5781
_d5781